[Event "Bonn GSK"]
[Site "Bonn"]
[Date "1993.??.??"]
[Round "?"]
[White "Luetke, Jens"]
[Black "Luther, Thomas"]
[Result "0-1"]
[WhiteElo "2335"]
[BlackElo "2465"]
[Annotator "Von Gleich,A"]
[PlyCount "78"]
[EventDate "1993.??.??"]
[EventType "tourn"]
[EventRounds "9"]
[EventCountry "GER"]
[EventCategory "8"]
[SourceTitle "CBM 034"]
[Source "ChessBase"]
[SourceDate "1993.06.01"]
[SourceVersion "1"]
[SourceVersionDate "1993.06.01"]
[SourceQuality "1"]

1. e4 e6 2. d4 d5 3. e5 c5 4. c3 Nc6 5. Nf3 Bd7 6. a3 c4 7. Nbd2 Na5 8. g3 Ne7
9. Nh4 Nc8 10. f4 Nb6 11. Ng2 Ba4 12. Qf3 Qd7 13. Ne3 O-O-O 14. h4 f5 15. g4 g6
16. h5 Be7 17. Qh3 Rhf8 18. Be2 Kb8 19. hxg6 hxg6 20. Qh6 Qe8 21. gxf5 gxf5 22.
Bh5 Qd7 23. Bg6 Qc8 24. Nf3 Be8 25. Bh7 Nb3 26. Rb1 Na4 27. Bd2 Qc6 28. Ng5 Bd7
29. Nc2 Bc8 30. Be3 a5 31. Bf2 b5 32. Qg7 Qb7 33. Rh6 b4 34. axb4 axb4 35. Nxe6
$2 (35. Nxb4 $1 Bxb4 36. Qxb7+ Kxb7 37. cxb4 Rde8 (37... Rfe8 38. Nf7) 38. Rg6
$1 $16) 35... bxc3 36. Nxf8 $6 (36. Nxd8 Rxd8 37. bxc3 Nxc3 38. Rb2 Na4 $1)
36... cxb2 37. Rg6 Bb4+ 38. Kf1 (38. Nxb4 Qxb4+ 39. Kf1 Nd2+) 38... Qxg7 39.
Rxg7 Bxf8 0-1